| 000 | 00822nam a2200217 a 4500 | ||
|---|---|---|---|
| 003 | 0 | ||
| 005 | 20250429113314.0 | ||
| 008 | 970114s19uu xx 00 eng d | ||
| 050 |
_aPGS LB 1062.6 _b.B576 2003 |
||
| 100 | _aBiag, Kyrene Dennise T. | ||
| 245 |
_aFactors affecting the grade 5 students of Southville International School SY 2002-2003 on their academic performance / _cKyrene Dennise T. Biag. |
||
| 260 |
_aLas PiƱas City, Philippines : _bSouthville International School and Colleges, _c2003. |
||
| 300 |
_a26 pages : _billustrations ; _c28 cm. |
||
| 504 | _aIncludes bibliographical references. | ||
| 650 | _aAcademic achievement. | ||
| 650 | _aMotivation in education. | ||
| 650 | _aStudy skills. | ||
| 650 |
_aLearning _vPsychological aspects. |
||
| 650 | _aSchool environment. | ||
| 942 |
_2lcc _cPASS |
||
| 999 |
_c96837 _d96837 |
||